01481nab a22002897a 4500999001500000003000400015005001700019008004100036040000700077100003000084245013000114260007300244300001300317500007500330505030500405505008900710650003500799650002000834650002600854650002000880650003100900650004500931650002700976650003301003773014201036942001301178 c6349d6349OSt20260131191134.0190603e xxum|||| |||| 00| 0 spa d cPJ 96021aLamber, Néstor D.10aExpedientes sucesorios electrónicos en el estudio de antecedentes inmobiliarios y su registración /cNéstor D. Lamber.  cCiudad Autónoma de Buenos Aires :aThomson Reuters La Ley, b2025. ap. 26-36 aCita: TR LALEY AR/DOC/2871/2025 Publicado en: RCCyC 2025 (Diciembre). aSumario: I. Introducción.— II. Vista de expedientes judiciales electrónicos en la relación de antecedentes inmobiliarios.— III. Transcripciones de expedientes judiciales electrónicos para la inscripción por protocolización o tracto abreviado.— IV. Testimonios notariales digitales.  t¿Te interesa el texto completo? Solicitalo al correo: koha@justierradelfuego.gov.ar 091497aCODIGO CIVIL Y COMERCIAL 09888aSUCESIONES 091821aDERECHOS REALES 091084aHEREDEROS 091115aPUBLICIDAD REGISTRAL 092724aDECLARATORIA JUDICIAL DE HEREDEROS 096398aDERECHO NOTARIAL 096081aCIENCIA Y TECNOLOGÍA0 0271393170dCiudad Autónoma de Buenos Aires : Thomson Reuters La Ley, 2015-tRevista Código Civil y Comercial. Nº 6 - Diciembre 2025 2udccANA